I know why
| Format: | Book |
|---|---|
| Published: |
KL :
Synergy Media ,
[s.n]
|
| Subjects: |
MARC
| LEADER | 00000cam a2200000 7i4500 | ||
|---|---|---|---|
| 001 | 0000032796 | ||
| 005 | 20151222.0 | ||
| 008 | 120626 | ||
| 020 | |a 9831979150 | ||
| 090 | 0 | 0 | |a JF |b Q ENG |
| 245 | 1 | 0 | |a I know why |
| 260 | |a KL : |b Synergy Media , |c [s.n] | ||
| 500 | |a Children ages 7-9 years old (orange) | ||
| 650 | 0 | |a Questions and answers |x Juvenile literature | |
| 999 | |a 0001153481 |b Book |c Children Collection |e Cawangan Segamat | ||
| 999 | |a 0001153483 |b Book |c Children Collection |e Perbadanan Perpustakaan Awam Johor | ||
| 999 | |a 0001153484 |b Book |c Children Collection |e Cawangan Tangkak | ||